Kinh tế thị trường xã hội : Hệ thống kinh tế dành cho các nước đang phát triển
Guardado en:
| Autor principal: | |
|---|---|
| Formato: | Libro |
| Publicado: |
Đại học quốc gia Hà Nội
2001
|
| Etiquetas: |
Agregar Etiqueta
Sin Etiquetas, Sea el primero en etiquetar este registro!
|
| Thư viện lưu trữ: | Mạng thư viện Đại học Đà Nẵng |
|---|
| LEADER | 00680nam a2200229 a 4500 | ||
|---|---|---|---|
| 001 | 000029294 | ||
| 003 | 15834 | ||
| 005 | 20171030145630.0 | ||
| 008 | 171030s2001 | ||
| 020 | |c 28600 | ||
| 040 | |a LTT | ||
| 082 | 0 | |a 330.12 |b JU-W | |
| 100 | 1 | |a Jung, Winfried | |
| 245 | 0 | 0 | |a Kinh tế thị trường xã hội : Hệ thống kinh tế dành cho các nước đang phát triển |c Winfried Jung ; Nguyễn Thanh Thủy, Bùi Hà Nam dịch. |
| 260 | |b Đại học quốc gia Hà Nội |c 2001 | ||
| OWN | |a LTT | ||
| 999 | |a From the UDN01 | ||
| TYP | |a Monograph | ||
| TYP | |a Printed language | ||
| 980 | |a Mạng thư viện Đại học Đà Nẵng | ||